000 00818nam a2200229Ia 4500
003 GCL
008 140319s9999 xx 000 0 ara d
040 _aGCL /
_cGCL
082 0 4 _aط
_b813.088
_bم ع
100 1 _aمحمد حسن ابودنيا
245 1 0 _aالسماوات والارض ومابينهما: المجموعة الثانية الجزء الثانى /
_cمحمد حسن ابودنيا
700 1 _aهانى محمد
700 1 _aعادل البطراوى
700 1 _aعبدالشافى سيد
260 _a[S.N] :
_bدار الكتاب المصرى ،
_c1993
490 _aعلوم جاء ذكرها فى القران الكريم
_v0
650 0 4 _aالاطفال
650 0 4 _aالقصص
650 0 4 _aقصص الاطفال
650 0 4 _aالقصص الدينية
942 _2ddc
_cBK
999 _c56623
_d56623